| 000 | 00734nam a2200193 4500 | ||
|---|---|---|---|
| 001 | 123021 | ||
| 003 | ES-MaACL | ||
| 005 | 20230906192108.0 | ||
| 007 | t| | ||
| 008 | 070214s1931 gt r ||||0| spa d | ||
| 110 | 2 |
_aGuatemala. _bGobierno. _94552 |
|
| 245 | 1 | 0 | _aProtesta del Gobierno de Guatemala ante el Instituto Panamericano de Geografía e Historia por la publicación de un mapa de Honduras que afecta a la soberanía guatemalteca. |
| 260 |
_aGuatemala : _b[s. n.], _cImp. Nacional ( _f1931) |
||
| 300 |
_a20 p ; _c24 x 14 cm. |
||
| 490 | 1 |
_aPublicaciones de la Comisión de Límites ; _v22 |
|
| 830 | 0 |
_aPublicaciones de la Comisión de Límites ; _v22 _9218903 |
|
| 852 |
_aES-MaACL _j1754-F-17 |
||
| 999 |
_c123021 _d123021 |
||